Giờ cao điểm Tiểu thuyết

保存先:
書誌詳細
第一著者: Egi Xtephan Xtavinxki
その他の著者: Vũ Đình Bình
フォーマット: 図書
出版事項: Đàn Nẵng Đà Nẵng 1986
主題:
タグ: タグ追加
タグなし, このレコードへの初めてのタグを付けませんか!
Thư viện lưu trữ: Trung tâm Học liệu Lê Vũ Hùng, Trường Đại học Đồng Tháp
LEADER 00788pam a22002298a 4500
001 00021343
005 20171026081023.0
008 110524s1986 ||||||Viesd
041 0 # |a Vie 
082 1 4 |a 891.8  |b GI460C 
100 0 # |a Egi Xtephan Xtavinxki 
245 0 0 |a Giờ cao điểm  |b Tiểu thuyết  |c Xtephan Xtavinxki Egi; Vũ Đình Bình dịch 
260 # # |a Đàn Nẵng  |b Đà Nẵng  |c 1986 
300 # # |a 228 tr.  |c 19 cm. 
650 # 4 |a Văn học hiện đại Ba Lan 
653 # # |a Tiểu thuyết 
700 0 # |a Vũ Đình Bình 
852 # # |b Kho mượn  |j KM.0010504 
852 # # |b Kho đọc  |j KD.0006050 
852 # # |j KM.0010504  |j KD.0006050 
910 |d 24/05/2011 
980 # # |a Trung tâm Học liệu Lê Vũ Hùng, Trường Đại học Đồng Tháp